[Event "8th Arber Open"]
[Site "chess24.com"]
[Date "2019.08.02"]
[Round "7"]
[White "Speicher, Franz"]
[Black "Schwenkreis, Thomas"]
[Result "0-1"]
[Board "25"]
[WhiteElo "1895"]
[WhiteCountry "GER"]
[WhiteFideId "4666810"]
[WhiteEloChange "-6"]
[BlackElo "2048"]
[BlackCountry "GER"]
[BlackFideId "24610461"]
[BlackEloChange "6"]

1. d4 {[%clk 1:30:48]} Nf6 {[%clk 1:30:59]} 2. Bg5 {[%clk 1:30:37]} g6 {[%clk
1:31:01]} 3. Bxf6 {[%clk 1:30:46]} exf6 {[%clk 1:31:29]} 4. e3 {[%clk 1:30:43]}
Bg7 {[%clk 1:31:55]} 5. g3 {[%clk 1:30:55]} O-O {[%clk 1:32:18]} 6. Bg2 {[%clk
1:31:11]} f5 {[%clk 1:32:39]} 7. Ne2 {[%clk 1:31:09]} c5 {[%clk 1:32:50]} 8. c3
{[%clk 1:29:05]} Nc6 {[%clk 1:32:23]} 9. dxc5 {[%clk 1:23:01]} Qa5 {[%clk
1:31:57]} 10. Nd2 {[%clk 1:08:48]} Qxc5 {[%clk 1:31:16]} 11. Nf3 {[%clk 1:07:21]}
a5 {[%clk 1:31:00]} 12. O-O {[%clk 1:01:48]} Ra6 {[%clk 1:30:59]} 13. Ned4 {[%clk
0:57:36]} Rb6 {[%clk 1:30:45]} 14. Qd2 {[%clk 0:54:16]} d6 {[%clk 1:30:11]} 15.
Rfd1 {[%clk 0:53:01]} a4 {[%clk 1:26:23]} 16. Nxc6 {[%clk 0:49:49]} bxc6 {[%clk
1:22:44]} 17. Qxd6 {[%clk 0:41:03]} Qa5 {[%clk 1:21:34]} 18. Rab1 {[%clk
0:28:24]} Be6 {[%clk 1:21:19]} 19. Qa3 {[%clk 0:24:44]} Rfb8 {[%clk 1:18:01]} 20.
b4 {[%clk 0:22:39]} Qa6 {[%clk 1:18:00]} 21. Bf1 {[%clk 0:22:15]} Qa8 {[%clk
1:18:19]} 22. Nd2 {[%clk 0:20:36]} Bf8 {[%clk 1:13:12]} 23. Nc4 {[%clk 0:17:59]}
R6b7 {[%clk 1:13:32]} 24. Ne5 {[%clk 0:10:38]} c5 {[%clk 1:06:25]} 25. Bg2 {[%clk
0:10:35]} cxb4 {[%clk 1:03:51]} 26. cxb4 {[%clk 0:08:04]} Qa7 {[%clk 1:03:34]}
27. Nc6 {[%clk 0:07:33]} Qa6 {[%clk 1:01:26]} 28. Nxb8 {[%clk 0:07:48]} Rxb8
{[%clk 1:01:55]} 29. Bd5 {[%clk 0:06:34]} Qe2 {[%clk 0:59:03]} 30. Bxe6 {[%clk
0:06:39]} Rxb4 {[%clk 0:59:22]} 31. Bxf7+ {[%clk 0:05:04]} Kxf7 {[%clk 0:59:44]}
32. Qc1 {[%clk 0:03:56]} Qxa2 {[%clk 0:58:05]} 33. Qc7+ {[%clk 0:03:41]} Kg8
{[%clk 0:56:28]} 34. Rxb4 {[%clk 0:03:49]} Bxb4 {[%clk 0:56:42]} 35. Rd8+ {[%clk
0:02:13]} Bf8 {[%clk 0:57:03]} 36. Qe7 {[%clk 0:01:05]} Qb1+ {[%clk 0:56:01]} 37.
Kg2 {[%clk 0:01:22]} Qe4+ {[%clk 0:56:22]} 38. Qxe4 {[%clk 0:01:39]} fxe4 {[%clk
0:56:51]} 39. Ra8 {[%clk 0:01:45]} a3 {[%clk 0:57:15]} 40. f3 {[%clk 0:00:55]}
Kf7 {[%clk 0:55:33]} 41. fxe4 {[%clk 0:30:26]} Be7 {[%clk 1:26:09]} 42. Ra6
{[%clk 0:29:55]} Ke8 {[%clk 1:26:18]} 43. Kf2 {[%clk 0:26:37]} Kd7 {[%clk
1:26:44]} 44. Ke2 {[%clk 0:22:31]} Kc7 {[%clk 1:27:08]} 45. Kd3 {[%clk 0:22:04]}
Kb7 {[%clk 1:27:37]} 46. Ra4 {[%clk 0:22:07]} Kb6 {[%clk 1:26:54]} 47. Kc4 {[%clk
0:21:44]} Kc6 {[%clk 1:26:59]} 48. e5 {[%clk 0:19:03]} g5 {[%clk 1:26:29]} 49. g4
{[%clk 0:18:52]} Kb6 {[%clk 1:25:20]} 50. Kb3 {[%clk 0:16:16]} Kc6 {[%clk
1:25:24]} 51. Ra7 {[%clk 0:15:14]} Bc5 {[%clk 1:24:56]} 52. e4 {[%clk 0:14:23]}
Bxa7 {[%clk 1:25:17]} 53. Kxa3 {[%clk 0:12:34]} Bd4 {[%clk 1:25:45]} 0-1

[Event "8th Arber Open"]
[Site "chess24.com"]
[Date "2019.08.02"]
[Round "7"]
[White "Schleich, Theodor, Dr."]
[Black "Peglau, Mirjam"]
[Result "0-1"]
[Board "27"]
[WhiteElo "2000"]
[WhiteTeam "Muenchener SC"]
[WhiteCountry "GER"]
[WhiteFideId "24615218"]
[WhiteEloChange "-16"]
[BlackElo "1759"]
[BlackTeam "Seeblick"]
[BlackCountry "GER"]
[BlackFideId "16211138"]
[BlackEloChange "16"]

1. e4 {[%clk 1:30:30]} c6 {[%clk 1:30:30]} 2. d4 {[%clk 1:30:30]} d5 {[%clk
1:30:30]} 3. exd5 {[%clk 1:30:30]} cxd5 {[%clk 1:30:30]} 4. Bd3 {[%clk 1:30:30]}
Nc6 {[%clk 1:30:30]} 5. c3 {[%clk 1:30:30]} Nf6 {[%clk 1:30:30]} 6. Bf4 {[%clk
1:30:30]} Bg4 {[%clk 1:30:30]} 7. Nf3 {[%clk 1:30:30]} Qb6 {[%clk 1:30:30]} 8. b3
{[%clk 1:30:30]} e6 {[%clk 1:30:30]} 9. h3 {[%clk 1:30:30]} Bh5 {[%clk 1:30:30]}
10. Nbd2 {[%clk 1:30:30]} Ba3 {[%clk 1:30:30]} 11. Rb1 {[%clk 1:30:30]} a5 {[%clk
1:30:30]} 12. O-O {[%clk 1:30:30]} O-O {[%clk 1:30:30]} 13. Qe2 {[%clk 1:30:30]}
Rfc8 {[%clk 1:30:30]} 14. g4 {[%clk 1:30:30]} Bg6 {[%clk 1:30:30]} 15. Bxg6
{[%clk 1:30:30]} hxg6 {[%clk 1:30:30]} 16. Ne5 {[%clk 1:30:30]} Na7 {[%clk
1:30:30]} 17. Rbd1 {[%clk 1:30:30]} Nb5 {[%clk 1:30:30]} 18. Nb1 {[%clk 1:30:30]}
Nxc3 {[%clk 1:30:30]} 19. Nxc3 {[%clk 1:30:30]} Rxc3 {[%clk 1:30:30]} 20. g5
{[%clk 1:30:30]} Nh5 {[%clk 1:30:30]} 21. Be3 {[%clk 1:30:30]} Qc7 {[%clk
1:30:30]} 22. Rd3 {[%clk 1:30:30]} Rc2 {[%clk 1:30:30]} 23. Rd2 {[%clk 1:30:30]}
Rxd2 {[%clk 1:30:30]} 24. Qxd2 {[%clk 1:30:30]} Rc8 {[%clk 1:30:30]} 25. Qd3
{[%clk 1:30:30]} Qc2 {[%clk 1:30:30]} 26. Qb5 {[%clk 1:30:30]} Qf5 {[%clk
1:30:30]} 27. Qxb7 {[%clk 1:30:30]} Rc3 {[%clk 1:30:30]} 28. Qa8+ {[%clk
1:30:30]} Kh7 {[%clk 1:30:30]} 29. Qe8 {[%clk 1:30:30]} Rc7 {[%clk 1:30:30]} 30.
Qd8 {[%clk 1:30:30]} Ra7 {[%clk 1:30:30]} 31. Kg2 {[%clk 1:30:30]} Nf4+ {[%clk
1:30:30]} 32. Bxf4 {[%clk 1:30:30]} Qxf4 {[%clk 1:30:30]} 33. Nf3 {[%clk
1:30:30]} Rc7 {[%clk 1:30:30]} 34. Re1 {[%clk 1:30:30]} Be7 {[%clk 1:30:30]} 35.
Qa8 {[%clk 1:30:30]} Bb4 {[%clk 1:30:30]} 36. Re3 {[%clk 1:30:30]} Rc2 {[%clk
1:30:30]} 37. Qa6 {[%clk 1:30:30]} Qxe3 {[%clk 1:30:30]} 0-1

[Event "8th Arber Open"]
[Site "chess24.com"]
[Date "2019.08.02"]
[Round "7"]
[White "Titz, Heimo"]
[Black "Malditz, Dieter"]
[Result "1-0"]
[Board "28"]
[WhiteElo "2048"]
[WhiteTeam "OESTERREICH"]
[WhiteTitle "FM"]
[WhiteCountry "AUT"]
[WhiteFideId "1601520"]
[WhiteEloChange "5"]
[BlackElo "1869"]
[BlackTeam "SK Ludwigshafen"]
[BlackCountry "GER"]
[BlackFideId "16244028"]
[BlackEloChange "-5"]

1. c4 {[%clk 1:30:30]} Nf6 {[%clk 1:30:30]} 2. Nf3 {[%clk 1:30:30]} e6 {[%clk
1:30:30]} 3. d4 {[%clk 1:30:30]} d5 {[%clk 1:30:30]} 4. Nc3 {[%clk 1:30:30]} Be7
{[%clk 1:30:30]} 5. cxd5 {[%clk 1:30:30]} exd5 {[%clk 1:30:30]} 6. Bg5 {[%clk
1:30:30]} c6 {[%clk 1:30:30]} 7. e3 {[%clk 1:30:30]} Nbd7 {[%clk 1:30:30]} 8. Bd3
{[%clk 1:30:30]} O-O {[%clk 1:30:30]} 9. Qc2 {[%clk 1:30:30]} Re8 {[%clk
1:30:30]} 10. Bf4 {[%clk 1:30:30]} Nf8 {[%clk 1:30:30]} 11. O-O {[%clk 1:30:30]}
Nh5 {[%clk 1:30:30]} 12. Bg3 {[%clk 1:30:30]} Nxg3 {[%clk 1:30:30]} 13. hxg3
{[%clk 1:30:30]} Bd6 {[%clk 1:30:30]} 14. Rab1 {[%clk 1:30:30]} a5 {[%clk
1:30:30]} 15. a3 {[%clk 1:30:30]} Bg4 {[%clk 1:30:30]} 16. Bf5 {[%clk 1:30:30]}
Bxf5 {[%clk 1:30:30]} 17. Qxf5 {[%clk 1:30:30]} Qd7 {[%clk 1:30:30]} 18. Qh3
{[%clk 1:30:30]} Qxh3 {[%clk 1:30:30]} 19. gxh3 {[%clk 1:30:30]} Nd7 {[%clk
1:30:30]} 20. Rbc1 {[%clk 1:30:30]} Nb6 {[%clk 1:30:30]} 21. a4 {[%clk 1:30:30]}
f6 {[%clk 1:30:30]} 22. b3 {[%clk 1:30:30]} Kf7 {[%clk 1:30:30]} 23. Kg2 {[%clk
1:30:30]} Re7 {[%clk 1:30:30]} 24. Ne1 {[%clk 1:30:30]} g6 {[%clk 1:30:30]} 25.
Nd3 {[%clk 1:30:30]} Nd7 {[%clk 1:30:30]} 26. Ne2 {[%clk 1:30:30]} g5 {[%clk
1:30:30]} 27. Rh1 {[%clk 1:30:30]} Kg7 {[%clk 1:30:30]} 28. h4 {[%clk 1:30:30]}
h6 {[%clk 1:30:30]} 29. Ng1 {[%clk 1:30:30]} Rae8 {[%clk 1:30:30]} 30. Nf3 {[%clk
1:30:30]} gxh4 {[%clk 1:30:30]} 31. gxh4 {[%clk 1:30:30]} Rh8 {[%clk 1:30:30]}
1-0

[Event "8th Arber Open"]
[Site "chess24.com"]
[Date "2019.08.02"]
[Round "7"]
[White "Palmi, Herbert"]
[Black "Albrecht, Manuel"]
[Result "0-1"]
[Board "29"]
[WhiteElo "2056"]
[WhiteTeam "SC Bayerwald"]
[WhiteCountry "GER"]
[WhiteFideId "4679539"]
[WhiteEloChange "-16"]
[BlackElo "1833"]
[BlackTeam "SK Landau-Dingolfing"]
[BlackCountry "GER"]
[BlackFideId "12924601"]
[BlackEloChange "16"]

1. b4 {[%clk 1:30:30]} c6 {[%clk 1:30:30]} 2. Bb2 {[%clk 1:30:30]} Qb6 {[%clk
1:30:30]} 3. a3 {[%clk 1:30:30]} a5 {[%clk 1:30:30]} 4. c4 {[%clk 1:30:30]} axb4
{[%clk 1:30:30]} 5. c5 {[%clk 1:30:30]} Qc7 {[%clk 1:30:30]} 6. axb4 {[%clk
1:30:30]} Rxa1 {[%clk 1:30:30]} 7. Bxa1 {[%clk 1:30:30]} Na6 {[%clk 1:30:30]} 8.
Qa4 {[%clk 1:30:30]} b5 {[%clk 1:30:30]} 9. Qb3 {[%clk 1:30:30]} e5 {[%clk
1:30:30]} 10. Nf3 {[%clk 1:30:30]} d6 {[%clk 1:30:30]} 11. cxd6 {[%clk 1:30:30]}
Bxd6 {[%clk 1:30:30]} 12. Bc3 {[%clk 1:30:30]} Nf6 {[%clk 1:30:30]} 13. Qb2
{[%clk 1:30:30]} O-O {[%clk 1:30:30]} 14. Bxe5 {[%clk 1:30:30]} Bxe5 {[%clk
1:30:30]} 15. Nxe5 {[%clk 1:30:30]} Nxb4 {[%clk 1:30:30]} 16. Qxb4 {[%clk
1:30:30]} Qxe5 {[%clk 1:30:30]} 17. Nc3 {[%clk 1:30:30]} Nd5 {[%clk 1:30:30]} 18.
Qe4 {[%clk 1:30:30]} Re8 {[%clk 1:30:30]} 19. Qxe5 {[%clk 1:30:30]} Rxe5 {[%clk
1:30:30]} 20. d4 {[%clk 1:30:30]} Re7 {[%clk 1:30:30]} 21. Nxd5 {[%clk 1:30:30]}
cxd5 {[%clk 1:30:30]} 22. e3 {[%clk 1:30:30]} Ra7 {[%clk 1:30:30]} 23. Be2 {[%clk
1:30:30]} Ra1+ {[%clk 1:30:30]} 24. Bd1 {[%clk 1:30:30]} b4 {[%clk 1:30:30]} 25.
Kd2 {[%clk 1:30:30]} Ba6 {[%clk 1:30:30]} 26. Re1 {[%clk 1:30:30]} Bc4 {[%clk
1:30:30]} 27. Bc2 {[%clk 1:30:30]} Ra2 {[%clk 1:30:30]} 28. Kc1 {[%clk 1:30:30]}
b3 {[%clk 1:30:30]} 29. Bb1 {[%clk 1:30:30]} Rxf2 {[%clk 1:30:30]} 30. e4 {[%clk
1:30:30]} b2+ {[%clk 1:30:30]} 0-1

[Event "8th Arber Open"]
[Site "chess24.com"]
[Date "2019.08.02"]
[Round "7"]
[White "Schreib, Marc"]
[Black "Kasueschke, Lars"]
[Result "0-1"]
[Board "31"]
[WhiteElo "1839"]
[WhiteTeam "SK Neuperlach"]
[WhiteCountry "GER"]
[WhiteFideId "24653810"]
[WhiteEloChange "-7"]
[BlackElo "1934"]
[BlackTeam "SG Schwaebisch Gmuend"]
[BlackCountry "GER"]
[BlackFideId "12939510"]
[BlackEloChange "7"]

1. d4 {[%clk 1:30:30]} Nf6 {[%clk 1:30:30]} 2. Bf4 {[%clk 1:30:30]} d5 {[%clk
1:30:30]} 3. e3 {[%clk 1:30:30]} c5 {[%clk 1:30:30]} 4. c3 {[%clk 1:30:30]} Nc6
{[%clk 1:30:30]} 5. Bd3 {[%clk 1:30:30]} Qb6 {[%clk 1:30:30]} 6. Qc1 {[%clk
1:30:30]} Nh5 {[%clk 1:30:30]} 7. Bg3 {[%clk 1:30:30]} e5 {[%clk 1:30:30]} 8.
dxc5 {[%clk 1:30:30]} Bxc5 {[%clk 1:30:30]} 9. Ne2 {[%clk 1:30:30]} Bg4 {[%clk
1:30:30]} 10. Nd2 {[%clk 1:30:30]} e4 {[%clk 1:30:30]} 11. Bc2 {[%clk 1:30:30]}
Nxg3 {[%clk 1:30:30]} 12. hxg3 {[%clk 1:30:30]} Ne5 {[%clk 1:30:30]} 13. Nb3
{[%clk 1:30:30]} Bd6 {[%clk 1:30:30]} 14. Qd1 {[%clk 1:30:30]} Qa6 {[%clk
1:30:30]} 15. Nbc1 {[%clk 1:30:30]} O-O-O {[%clk 1:30:30]} 16. O-O {[%clk
1:30:30]} h5 {[%clk 1:30:30]} 17. Qd4 {[%clk 1:30:30]} Bxe2 {[%clk 1:30:30]} 18.
Nxe2 {[%clk 1:30:30]} Qxe2 {[%clk 1:30:30]} 0-1

[Event "8th Arber Open"]
[Site "chess24.com"]
[Date "2019.08.02"]
[Round "7"]
[White "McPherson, Elisha"]
[Black "Mattes, Heinz, Dr."]
[Result "1/2-1/2"]
[Board "33"]
[WhiteElo "1705"]
[WhiteTeam "SF Augsburg"]
[WhiteCountry "GER"]
[WhiteFideId "16255852"]
[WhiteEloChange "6"]
[BlackElo "1953"]
[BlackTeam "Muenchener SC"]
[BlackCountry "GER"]
[BlackFideId "24623750"]
[BlackEloChange "-6"]

1. e4 {[%clk 1:30:30]} e6 {[%clk 1:30:30]} 2. d4 {[%clk 1:30:30]} d5 {[%clk
1:30:30]} 3. e5 {[%clk 1:30:30]} c5 {[%clk 1:30:30]} 4. c3 {[%clk 1:30:30]} Nc6
{[%clk 1:30:30]} 5. Nf3 {[%clk 1:30:30]} Qb6 {[%clk 1:30:30]} 6. a3 {[%clk
1:30:30]} Nh6 {[%clk 1:30:30]} 7. b4 {[%clk 1:30:30]} cxd4 {[%clk 1:30:30]} 8.
cxd4 {[%clk 1:30:30]} Nf5 {[%clk 1:30:30]} 9. Be3 {[%clk 1:30:30]} Be7 {[%clk
1:30:30]} 10. Bd3 {[%clk 1:30:30]} O-O {[%clk 1:30:30]} 11. Nc3 {[%clk 1:30:30]}
Nxe3 {[%clk 1:30:30]} 12. fxe3 {[%clk 1:30:30]} f6 {[%clk 1:30:30]} 13. exf6
{[%clk 1:30:30]} Bxf6 {[%clk 1:30:30]} 14. O-O {[%clk 1:30:30]} Bd7 {[%clk
1:30:30]} 15. Qc2 {[%clk 1:30:30]} h6 {[%clk 1:30:30]} 16. Na4 {[%clk 1:30:30]}
Qd8 {[%clk 1:30:30]} 17. Nc5 {[%clk 1:30:30]} Rb8 {[%clk 1:30:30]} 18. b5 {[%clk
1:30:30]} Ne7 {[%clk 1:30:30]} 19. e4 {[%clk 1:30:30]} dxe4 {[%clk 1:30:30]} 20.
Nxe4 {[%clk 1:30:30]} Qb6 {[%clk 1:30:30]} 21. Qc5 {[%clk 1:30:30]} Nd5 {[%clk
1:30:30]} 22. Qxb6 {[%clk 1:30:30]} axb6 {[%clk 1:30:30]} 23. Ne5 {[%clk
1:30:30]} Be8 {[%clk 1:30:30]} 24. Nxf6+ {[%clk 1:30:30]} gxf6 {[%clk 1:30:30]}
25. Nf3 {[%clk 1:30:30]} Kf7 {[%clk 1:30:30]} 26. Bc4 {[%clk 1:30:30]} Rd8 {[%clk
1:30:30]} 27. Rae1 {[%clk 1:30:30]} Ke7 {[%clk 1:30:30]} 28. Re2 {[%clk 1:30:30]}
Kd6 {[%clk 1:30:30]} 29. Nd2 {[%clk 1:30:30]} Bg6 {[%clk 1:30:30]} 30. Ne4+
{[%clk 1:30:30]} Bxe4 {[%clk 1:30:30]} 31. Rxe4 {[%clk 1:30:30]} Rc8 {[%clk
1:30:30]} 32. Bxd5 {[%clk 1:30:30]} Kxd5 {[%clk 1:30:30]} 33. Rfe1 {[%clk
1:30:30]} Rce8 {[%clk 1:30:30]} 34. Kf2 {[%clk 1:30:30]} Rg8 {[%clk 1:30:30]} 35.
Kf3 {[%clk 1:30:30]} Re7 {[%clk 1:30:30]} 36. g3 {[%clk 1:30:30]} Ra8 {[%clk
1:30:30]} 37. R1e3 {[%clk 1:30:30]} Ra4 {[%clk 1:30:30]} 38. Rd3 {[%clk 1:30:30]}
Rc7 {[%clk 1:30:30]} 39. Rh4 {[%clk 1:30:30]} Rh7 {[%clk 1:30:30]} 40. Ke3 {[%clk
1:30:30]} Rc4 {[%clk 1:30:30]} 41. Rf4 {[%clk 1:30:30]} f5 {[%clk 1:30:30]} 42.
Kd2 {[%clk 1:30:30]} Rhc7 {[%clk 1:30:30]} 43. Rh4 {[%clk 1:30:30]} Rc2+ {[%clk
1:30:30]} 44. Ke3 {[%clk 1:30:30]} Rg2 {[%clk 1:30:30]} 45. Rxh6 {[%clk 1:30:30]}
Rcc2 {[%clk 1:30:30]} 46. Rh7 {[%clk 1:30:30]} Rce2+ {[%clk 1:30:30]} 47. Kf4
{[%clk 1:30:30]} Kc4 {[%clk 1:30:30]} 48. Rf3 {[%clk 1:30:30]} Rxh2 {[%clk
1:30:30]} 49. Rxb7 {[%clk 1:30:30]} Rh5 {[%clk 1:30:30]} 50. Re3 {[%clk 1:30:30]}
Rf2+ {[%clk 1:30:30]} 51. Rf3 {[%clk 1:30:30]} Rxf3+ {[%clk 1:30:30]} 52. Kxf3
{[%clk 1:30:30]} Kxb5 {[%clk 1:30:30]} 53. Kf4 {[%clk 1:30:30]} Kc6 {[%clk
1:30:30]} 54. Re7 {[%clk 1:30:30]} Kd6 {[%clk 1:30:30]} 55. Rb7 {[%clk 1:30:30]}
Kc6 {[%clk 1:30:30]} 56. Re7 {[%clk 1:30:30]} Kd5 {[%clk 1:30:30]} 57. Rd7+
{[%clk 1:30:30]} 1/2-1/2

[Event "8th Arber Open"]
[Site "chess24.com"]
[Date "2019.08.02"]
[Round "7"]
[White "Reuter, Roland"]
[Black "Brands, Kevin"]
[Result "0-1"]
[Board "35"]
[WhiteElo "1930"]
[WhiteTeam "SK Schwabach"]
[WhiteCountry "GER"]
[WhiteFideId "4610300"]
[WhiteEloChange "-14"]
[BlackElo "1799"]
[BlackTeam "HOLLAND"]
[BlackCountry "NED"]
[BlackFideId "1054872"]
[BlackEloChange "14"]

1. e4 {[%clk 1:30:30]} c5 {[%clk 1:30:30]} 2. Nf3 {[%clk 1:30:30]} d6 {[%clk
1:30:30]} 3. d4 {[%clk 1:30:30]} cxd4 {[%clk 1:30:30]} 4. c3 {[%clk 1:30:30]} Nf6
{[%clk 1:30:30]} 5. Qc2 {[%clk 1:30:30]} dxc3 {[%clk 1:30:30]} 6. Nxc3 {[%clk
1:30:30]} Nc6 {[%clk 1:30:30]} 7. Be2 {[%clk 1:30:30]} e5 {[%clk 1:30:30]} 8. O-O
{[%clk 1:30:30]} Be7 {[%clk 1:30:30]} 9. Bg5 {[%clk 1:30:30]} O-O {[%clk
1:30:30]} 10. h3 {[%clk 1:30:30]} Be6 {[%clk 1:30:30]} 11. Rfd1 {[%clk 1:30:30]}
a6 {[%clk 1:30:30]} 12. Rac1 {[%clk 1:30:30]} h6 {[%clk 1:30:30]} 13. Be3 {[%clk
1:30:30]} Nb4 {[%clk 1:30:30]} 14. Qa4 {[%clk 1:30:30]} Nc6 {[%clk 1:30:30]} 15.
Rd2 {[%clk 1:30:30]} Rc8 {[%clk 1:30:30]} 16. Nd5 {[%clk 1:30:30]} Bxd5 {[%clk
1:30:30]} 17. exd5 {[%clk 1:30:30]} Nd4 {[%clk 1:30:30]} 18. Rxc8 {[%clk
1:30:30]} Nxe2+ {[%clk 1:30:30]} 19. Rxe2 {[%clk 1:30:30]} Qxc8 {[%clk 1:30:30]}
20. Rc2 {[%clk 1:30:30]} Qe8 {[%clk 1:30:30]} 21. Qb3 {[%clk 1:30:30]} Qb5 {[%clk
1:30:30]} 22. Qxb5 {[%clk 1:30:30]} axb5 {[%clk 1:30:30]} 23. Rc7 {[%clk
1:30:30]} Nxd5 {[%clk 1:30:30]} 24. Rxb7 {[%clk 1:30:30]} b4 {[%clk 1:30:30]} 25.
Nd2 {[%clk 1:30:30]} Rc8 {[%clk 1:30:30]} 26. a4 {[%clk 1:30:30]} bxa3 {[%clk
1:30:30]} 27. bxa3 {[%clk 1:30:30]} Nxe3 {[%clk 1:30:30]} 28. fxe3 {[%clk
1:30:30]} Bg5 {[%clk 1:30:30]} 29. Rb3 {[%clk 1:30:30]} d5 {[%clk 1:30:30]} 30.
Nf3 {[%clk 1:30:30]} e4 {[%clk 1:30:30]} 31. Nd4 {[%clk 1:30:30]} Bf6 {[%clk
1:30:30]} 32. Kf2 {[%clk 1:30:30]} Bxd4 {[%clk 1:30:30]} 33. exd4 {[%clk
1:30:30]} Rc2+ {[%clk 1:30:30]} 34. Ke3 {[%clk 1:30:30]} Rxg2 {[%clk 1:30:30]}
35. Kf4 {[%clk 1:30:30]} f6 {[%clk 1:30:30]} 36. Rb8+ {[%clk 1:30:30]} Kf7 {[%clk
1:30:30]} 37. a4 {[%clk 1:30:30]} g5+ {[%clk 1:30:30]} 38. Ke3 {[%clk 1:30:30]}
f5 {[%clk 1:30:30]} 0-1

[Event "8th Arber Open"]
[Site "chess24.com"]
[Date "2019.08.02"]
[Round "7"]
[White "Hoehfeld, Markus"]
[Black "Dosch, Markus"]
[Result "0-1"]
[Board "36"]
[WhiteElo "1895"]
[WhiteTeam "Muenchener SC"]
[WhiteCountry "GER"]
[WhiteFideId "12984167"]
[WhiteEloChange "-13"]
[BlackElo "1787"]
[BlackTeam "SK Buchen"]
[BlackCountry "GER"]
[BlackFideId "24698717"]
[BlackEloChange "13"]

1. d4 {[%clk 1:30:30]} Nf6 {[%clk 1:30:30]} 2. Nf3 {[%clk 1:30:30]} c5 {[%clk
1:30:30]} 3. d5 {[%clk 1:30:30]} e6 {[%clk 1:30:30]} 4. c4 {[%clk 1:30:30]} exd5
{[%clk 1:30:30]} 5. cxd5 {[%clk 1:30:30]} d6 {[%clk 1:30:30]} 6. Nc3 {[%clk
1:30:30]} g6 {[%clk 1:30:30]} 7. e4 {[%clk 1:30:30]} Bg7 {[%clk 1:30:30]} 8. Bd3
{[%clk 1:30:30]} Bg4 {[%clk 1:30:30]} 9. h3 {[%clk 1:30:30]} Bxf3 {[%clk
1:30:30]} 10. Qxf3 {[%clk 1:30:30]} O-O {[%clk 1:30:30]} 11. O-O {[%clk 1:30:30]}
Re8 {[%clk 1:30:30]} 12. Bf4 {[%clk 1:30:30]} Nh5 {[%clk 1:30:30]} 13. Bh2 {[%clk
1:30:30]} a6 {[%clk 1:30:30]} 14. g4 {[%clk 1:30:30]} Nf6 {[%clk 1:30:30]} 15.
Qg3 {[%clk 1:30:30]} Bf8 {[%clk 1:30:30]} 16. f4 {[%clk 1:30:30]} Nbd7 {[%clk
1:30:30]} 17. Rae1 {[%clk 1:30:30]} Qb6 {[%clk 1:30:30]} 18. Qf2 {[%clk 1:30:30]}
Qc7 {[%clk 1:30:30]} 19. Kh1 {[%clk 1:30:30]} c4 {[%clk 1:30:30]} 20. Bc2 {[%clk
1:30:30]} Bg7 {[%clk 1:30:30]} 21. g5 {[%clk 1:30:30]} Nh5 {[%clk 1:30:30]} 22.
Bd1 {[%clk 1:30:30]} Nc5 {[%clk 1:30:30]} 23. Qh4 {[%clk 1:30:30]} Nd3 {[%clk
1:30:30]} 24. f5 {[%clk 1:30:30]} Nxe1 {[%clk 1:30:30]} 25. f6 {[%clk 1:30:30]}
Bf8 {[%clk 1:30:30]} 26. Rxe1 {[%clk 1:30:30]} Qb6 {[%clk 1:30:30]} 27. Re2
{[%clk 1:30:30]} Qd4 {[%clk 1:30:30]} 28. Bg1 {[%clk 1:30:30]} Qd3 {[%clk
1:30:30]} 29. Bh2 {[%clk 1:30:30]} b5 {[%clk 1:30:30]} 30. a3 {[%clk 1:30:30]} a5
{[%clk 1:30:30]} 31. Kg2 {[%clk 1:30:30]} h6 {[%clk 1:30:30]} 32. Bg1 {[%clk
1:30:30]} hxg5 {[%clk 1:30:30]} 33. Qxg5 {[%clk 1:30:30]} Re5 {[%clk 1:30:30]}
34. Qh4 {[%clk 1:30:30]} Bh6 {[%clk 1:30:30]} 35. Bc2 {[%clk 1:30:30]} Rg5+
{[%clk 1:30:30]} 36. Qxg5 {[%clk 1:30:30]} Qxe2+ {[%clk 1:30:30]} 37. Nxe2 {[%clk
1:30:30]} Bxg5 {[%clk 1:30:30]} 38. Bh2 {[%clk 1:30:30]} Rd8 {[%clk 1:30:30]} 39.
Nd4 {[%clk 1:30:30]} b4 {[%clk 1:30:30]} 40. Nc6 {[%clk 1:30:30]} Rd7 {[%clk
1:30:30]} 41. axb4 {[%clk 1:30:30]} axb4 {[%clk 1:30:30]} 42. Nxb4 {[%clk
1:30:30]} Nf4+ {[%clk 1:30:30]} 43. Kf3 {[%clk 1:30:30]} Rb7 {[%clk 1:30:30]} 44.
Bxf4 {[%clk 1:30:30]} Bxf4 {[%clk 1:30:30]} 45. Kxf4 {[%clk 1:30:30]} Rxb4 {[%clk
1:30:30]} 46. e5 {[%clk 1:30:30]} c3+ {[%clk 1:30:30]} 47. Kg5 {[%clk 1:30:30]}
cxb2 {[%clk 1:30:30]} 48. e6 {[%clk 1:30:30]} b1Q {[%clk 1:30:30]} 49. Bxb1
{[%clk 1:30:30]} Rxb1 {[%clk 1:30:30]} 50. e7 {[%clk 1:30:30]} Re1 {[%clk
1:30:30]} 51. h4 {[%clk 1:30:30]} Re5+ {[%clk 1:30:30]} 52. Kg4 {[%clk 1:30:30]}
Kh7 {[%clk 1:30:30]} 53. Kf3 {[%clk 1:30:30]} Kh6 {[%clk 1:30:30]} 54. Kg4 {[%clk
1:30:30]} Re1 {[%clk 1:30:30]} 0-1